00831nam a2200217 i 4500001001100000003000500011005001700016008004100033040002500074245001600099264008400115336002100199337002500220338002300245500024500268700001100513700003100524700002600555942001300581999001900594C2-0341797PPAK20180729001422.0170614s2001 xx |||| ||||| | eng d aPPAKbengcPPAKerda14aThe Mexican 1a[place of publication not identified] : b[publisher not identified] , c[2001] 2rdacontentatext 2rdamediaaunmediated 2rdacarrieravolume aIn English dialogues with optional subtitle in Malay. ; Summaries : A man tries to transport an ancient gun called The Mexican, believed to carry a curse, back across the border, while his girlfriend pressures him to give up his criminal wa eauthor1 aVerbinski, Gore, ecompile1 aWood, Craig, eeditor 2ddccVCD c167949d167949